Score 0/13 Timer 01:30
0 Plays Today
Rung 6-Letter Word % Correct
3BATTER
94.8%
4BANTER
92%
8WONDER
89.8%
7WANDER
89.2%
13☔ PATTER ☔
87.6%
9PONDER
86.3%
1☔ PITTER ☔
86%
2BITTER
84.9%
5BANNER
83.4%
12POTTER
78.2%
10POWDER
76.9%
6WANNER
74.1%
11POWTER
64.8%

Today's Daily Dose

Missing Word
I Hardly Know Her!

Word Ladder
Sentence Ending

Quick Pick
Female Firsts

Get the Picture
Triathlon Sports

Remove Ads.
Support Sporcle.
Get the best of Sporcle when you Go Orange. This ad-free experience offers more features, more stats, and more fun while also helping to support Sporcle. Thank you for becoming a member.

You're not logged in!

Compare scores with friends on all Sporcle quizzes.
OR
Log In

Show Comments

Extras

Top Quizzes Today


Score Distribution

Your Account Isn't Verified!

In order to create a playlist on Sporcle, you need to verify the email address you used during registration. Go to your Sporcle Settings to finish the process.

Report this User

Report this user for behavior that violates our Community Guidelines.

Details: